书目信息 |
| 题名: |
八级听力
|
|
| 作者: | 杨晓冬 , 张琳 , 谷蕾 主编 | |
| 分册: | ||
| 出版信息: | 南京 南京大学出版社 2009.03 |
|
| 页数: | 279页 | |
| 开本: | 21cm | |
| 丛书名: | 英语专业四八级考试全能指导丛书 | |
| 单 册: | ||
| 中图分类: | H319.9 | |
| 科图分类: | ||
| 主题词: | 英语--ying yu--听说教学--高等学校--水平考试--自学参考资料 | |
| 电子资源: | ||
| ISBN: | 978-7-305-05763-2 | |
| 000 | 01291nam 2200301 450 | |
| 001 | 012009634711 | |
| 005 | 20100103132536.31 | |
| 010 | @a978-7-305-05763-2@dCNY19.80 (含光盘) | |
| 010 | @a978-7-88863-385-8@b光盘 | |
| 100 | @a20100103d2009 em y0chiy0120 ea | |
| 101 | 0 | @achi@aeng |
| 102 | @aCN@b320000 | |
| 105 | @ay z 000yy | |
| 106 | @ar | |
| 200 | 1 | @a八级听力@Aba ji ting li@d= TEM-8 listening@f杨晓冬, 张琳, 谷蕾主编@Fyang xiao dong,zhang lin,gu lei zhu bian@zeng |
| 210 | @a南京@c南京大学出版社@d2009.03 | |
| 215 | @a279页@d21cm@e光盘1片 | |
| 225 | 2 | @a英语专业四八级考试全能指导丛书@Aying yu zhuan ye si ba ji kao shi quan neng zhi dao cong shu |
| 330 | @a本书作为八级考试全能指导书,为考生常见问题提出了有效的建议,对各题型进行了考察重点分析,并作了分项指导。历年真题经典解析,帮助考生切实把握八级听力考试精髓。书后配有模拟练习、录音原文与答案详解,让考生在自检过后,对八级听力考试更胸有成竹。 | |
| 410 | 0 | @12001 @a英语专业四八级考试全能指导丛书 |
| 510 | 1 | @aTEM-8 listening@zeng |
| 606 | 0 | @a英语@Aying yu@x听说教学@x高等学校@x水平考试@j自学参考资料 |
| 690 | @aH319.9@v4 | |
| 701 | 0 | @a杨晓冬@Ayang xiao dong@4主编 |
| 701 | 0 | @a张琳@Azhang lin@4主编 |
| 701 | 0 | @a谷蕾@Agu lei@4主编 |
| 801 | 0 | @aCN@bQSSK@c20100103 |
| 905 | @b770643-47@dH319.9@eY300@f5 | |
| 八级听力= TEM-8 listening/杨晓冬, 张琳, 谷蕾主编.-南京:南京大学出版社,2009.03 |
| 279页;21cm+光盘1片.-(英语专业四八级考试全能指导丛书) |
| ISBN 978-7-305-05763-2:CNY19.80 (含光盘) |
| 本书作为八级考试全能指导书,为考生常见问题提出了有效的建议,对各题型进行了考察重点分析,并作了分项指导。历年真题经典解析,帮助考生切实把握八级听力考试精髓。书后配有模拟练习、录音原文与答案详解,让考生在自检过后,对八级听力考试更胸有成竹。 |
| ● |
| 相关链接 |
|
|
|
正题名:八级听力
索取号:H319.9/Y300
 
预约/预借
| 序号 | 登录号 | 条形码 | 馆藏地/架位号 | 状态 | 备注 |
| 1 | 770643 | 207706437 | 语言库209/209语言库 111排2列1层/ [索取号:H319.9/Y300] | 在馆 | |
| 2 | 770644 | 207706446 | 语言库209/209语言库 111排2列1层/ [索取号:H319.9/Y300] | 在馆 | |
| 3 | 770645 | 207706455 | 语言库209/209语言库 111排2列1层/ [索取号:H319.9/Y300] | 在馆 | |
| 4 | 770646 | 207706464 | 语言库209/209语言库 111排2列1层/ [索取号:H319.9/Y300] | 在馆 | |
| 5 | 770647 | 207706473 | 语言库209/209语言库 111排2列1层/ [索取号:H319.9/Y300] | 在馆 |